[Event "BCF-ch"]
[Site "Hove"]
[Date "1997.08.05"]
[Round "2"]
[White "Houska, Miroslav"]
[Black "Parker, Jonathan"]
[Result "0-1"]
[WhiteElo "2360"]
[BlackElo "2510"]

1.d4 Nf6 2.Bg5 e6 3.e4 h6 4.Bxf6 Qxf6 5.Nf3 d6 6.Nc3 c6 7.Qd2 e5 8.O-O-O Be7
9.Kb1 O-O 10.h3 Bd8 11.dxe5 dxe5 12.Nxe5 Qxe5 13.Qxd8 Rxd8 14.Rxd8+ Kh7 15.Rxc8 Qe6
16.Rd8 Qe7 17.Rc8 Qd7 18.Rf8 Qe7 19.Rc8 b5 20.Be2 Qb7 21.Rd8 Nd7 22.Rxa8 Qxa8
23.Rd1 Nc5 24.b4 Ne6 25.e5 a5 26.a3 axb4 27.axb4 c5 28.Nd5 c4 29.f4 Qa3 30.f5 Ng5
31.c3 Ne4 32.e6 Nxc3+ 33.Nxc3 Qb3+ 34.Ka1 Qxc3+ 35.Kb1 Qb3+ 36.Ka1 c3  0-1

[Event "BCF-ch"]
[Site "Hove"]
[Date "1997.08.05"]
[Round "2"]
[White "Martin, Andrew D"]
[Black "Barton, R Alan"]
[Result "1-0"]
[WhiteElo "2425"]
[BlackElo "2170"]

1.d4 Nf6 2.Bg5 e6 3.c4 Be7 4.Nc3 d6 5.Nf3 c6 6.Qc2 Nbd7 7.Rd1 Qc7 8.e3 O-O
9.Bd3 Re8 10.O-O Nf8 11.h3 Bd7 12.Rd2 Rac8 13.Rfd1 b5 14.c5 Nd5 15.Bxe7 Rxe7
16.Ne4 dxc5 17.dxc5 Be8 18.Nd6 Rb8 19.e4 Nf4 20.Bf1 f6 21.Nxe8 Rbxe8 22.g3 N4g6
23.Rd6 Rd7 24.h4 Red8 25.Qd2 Rxd6 26.cxd6 Qb6 27.h5 Nh8 28.e5 Nf7 29.Qf4 fxe5
30.Nxe5 Nxe5 31.Qxe5 Qb7 32.Bh3 Qd7 33.b4 h6 34.Rd4 Re8 35.Rg4 Nh7 36.Bg2 Rc8
37.Rxg7+ Qxg7 38.Qxe6+ Qf7 39.Qxc8+ Nf8 40.Bxc6 Kg7 41.Qg4+ Kh8 42.Bxb5 a5
43.Qd4+ Kh7 44.Bd3+ Kg8 45.Bc4 Ne6 46.Qg4+  1-0

[Event "AUT-ch"]
[Site "Moesern"]
[Date "1997.08.05"]
[Round "6"]
[White "Casagrande, Harald"]
[Black "Wittmann, Walter"]
[Result "1-0"]
[WhiteElo "2345"]
[BlackElo "2405"]

1.d4 Nf6 2.Bg5 e6 3.Nf3 h6 4.Bxf6 Qxf6 5.c3 d6 6.Nbd2 Nd7 7.e4 g6 8.Bd3 Bg7
9.Qe2 e5 10.Nc4 O-O 11.Ne3 Nb6 12.O-O h5 13.d5 h4 14.g4 h3 15.Kh1 Bh6 16.g5 Bxg5
17.Nxg5 Qxg5 18.Rg1 Qh4 19.Rg3 Na4 20.Bc2 Nc5 21.Nf5 Bxf5 22.exf5 Kg7 23.Rag1 Rh8
24.fxg6 f5 25.Bxf5 Raf8 26.Rxh3 Qf4 27.Rh7+ Rxh7 28.gxh7+ Kh8 29.Qh5 Na4
30.Rg3 Qd2 31.Qf7  1-0

[Event "Schwarzach op-B"]
[Site "Schwarzach"]
[Date "1997.08.23"]
[Round "1.7"]
[White "Poffers, Adriaan"]
[Black "Ruhle, Ernst Albrecht"]
[Result "1-0"]
[WhiteElo "1844"]
[BlackElo "1594"]

1.d4 Nf6 2.Bg5 e6 3.Nf3 Be7 4.Nbd2 h6 5.Bh4 d5 6.e3 O-O 7.Bd3 Nbd7 8.c3 c5
9.O-O a6 10.Qe2 b5 11.Ne5 Nxe5 12.dxe5 Nd7 13.Bxe7 Qxe7 14.f4 f6 15.exf6 Nxf6
16.e4 c4 17.Bc2 Qa7+ 18.Kh1 Re8 19.e5 Nh7 20.Nf3 Qe7 21.Nd4 Bd7 22.Rae1 Rf8
23.Qh5 Be8 24.Qg4 Bd7 25.Qg6 Rf5 26.Nxf5 exf5 27.e6 Be8 28.Qxf5 g6 29.Qxd5 Rd8
30.Qf3 Rd6 31.f5 Ng5 32.Qe3 gxf5 33.Bxf5 Bc6 34.Rd1 Rxd1 35.Rxd1 Bxg2+ 36.Kxg2 Qb7+
37.Be4 Nxe4 38.Rd8+  1-0

[Event "EU-ch U20 Girls"]
[Site "Tallinn"]
[Date "1997.09.16"]
[Round "7"]
[White "Dubinskaya, M."]
[Black "Jap Tjoen San, Linda"]
[Result "0-1"]
[WhiteElo "2100"]
[BlackElo "2175"]

1.d4 Nf6 2.Bg5 e6 3.Nf3 Be7 4.Nbd2 d5 5.e3 O-O 6.Bd3 b6 7.Qe2 Bb7 8.c3 Nbd7
9.Ne5 Nxe5 10.dxe5 Ne4 11.Bxe7 Qxe7 12.Bxe4 dxe4 13.Qc4 Qg5 14.Qxc7 Qxg2
15.O-O-O Ba6 16.Rhg1 Qxf2 17.Qe7 Bd3 18.Qg5 g6 19.Qh6 Rfd8 20.h4 Rd7 21.Qg5 Rad8
22.Rg2 Qf5 23.Nb3 Qxg5 24.hxg5 Rd5 25.Nd4 Rc8 26.Rh1 Rxe5 27.Rgh2 Rxg5 28.Rxh7 Rg1+
29.Rxg1 Kxh7 30.Kd2 Rc5 31.Ke1 Rh5 32.Rg2 Rh1+ 33.Kf2 e5 34.Nc6 Rf1+ 35.Kg3 Rf3+
36.Kh4 Rxe3 37.Nxe5 Kg7 38.Nc6 a5 39.Nd4 Re1 40.Kg3 Rf1 41.Rd2 f5 42.Ne6+ Kf6
43.Nc7 Ke5 44.Kg2 Ra1 45.b4 Rc1 46.Na8 Rxc3 47.Nxb6 axb4  0-1

[Event "Nordic-ch VISA"]
[Site "Reykjavik"]
[Date "1997.10.16"]
[Round "8"]
[White "Nilssen, John Arni"]
[Black "Hansen, Curt"]
[Result "0-1"]
[WhiteElo "2315"]
[BlackElo "2600"]

1.d4 Nf6 2.Bg5 e6 3.e4 h6 4.Bxf6 Qxf6 5.Nf3 d6 6.Nc3 Nd7 7.Qd2 a6 8.O-O-O Qd8
9.Kb1 b5 10.h4 Bb7 11.d5 e5 12.Ne2 c6 13.dxc6 Bxc6 14.Nc3 Nf6 15.Qe1 Qb6
16.g3 Qb7 17.Bg2 Nxe4 18.Nxe4 Bxe4 19.Nxe5 Bxg2 20.Ng6+ Be7 21.Nxe7 Qxe7
22.Qc3 Bxh1 23.Re1 Be4  0-1

[Event "WchT 4th"]
[Site "Luzern"]
[Date "1997.10.25"]
[Round "1"]
[White "Hug, Werner"]
[Black "Anastasian, Ashot"]
[Result "1/2-1/2"]
[WhiteElo "2465"]
[BlackElo "2545"]

1.d4 Nf6 2.Bg5 e6 3.Nf3 h6 4.Bh4 c5 5.e3 cxd4 6.exd4 b6 7.Nbd2 Bb7 8.Bd3 Be7
9.Bxf6 Bxf6 10.Qe2 Nc6 11.c3 Qc7 12.Ne4 Be7 13.O-O O-O 14.Rfe1 Rae8 15.Rad1 g6
16.Bb1 f5 17.Ng3 Bf6 18.Qd2 Kg7 19.Qd3 Ne7 20.a3 b5 21.Ne5 a6 22.Ba2 Nd5
23.Bxd5 Bxd5 24.Nf1 d6 25.Nf3 Rd8 26.Ne3 Bb7 27.Qe2 e5 28.dxe5 dxe5 29.Rxd8 Rxd8
30.Rd1 Rd6 31.h3 h5 32.Nc2 h4 33.Ne3 Qd7 34.Rxd6 Qxd6 35.a4 bxa4 36.Nc4 Bxf3
37.gxf3 Qe6 38.Ne3 Bg5 39.Ng2 e4 40.f4 Be7 41.Qd1 Qc6 42.Qd4+ Kf7 43.Qh8 Qf6
44.Qc8 g5 45.Qc4+ Kg7 46.Qxa4 gxf4 47.Qd7 Qg5 48.Kf1 f3 49.Nf4 Kh6 50.Qc8 Qxf4
51.Qe6+  1/2-1/2

[Event "RUS-Cup01 Chigorin mem"]
[Site "St Petersburg"]
[Date "1997.11.02"]
[Round "2"]
[White "Chepukaitis, Genrikh"]
[Black "Kiriakov, Petr"]
[Result "1-0"]
[WhiteElo "2330"]
[BlackElo "2505"]

1.d4 Nf6 2.Bg5 e6 3.Nd2 c5 4.e3 cxd4 5.exd4 Be7 6.c3 b6 7.Ngf3 Bb7 8.Bd3 O-O
9.O-O d6 10.Bxf6 Bxf6 11.Be4 Qc7 12.Re1 Nd7 13.a4 a6 14.Qe2 Be7 15.Qd3 Nf6
16.Bxb7 Qxb7 17.Ne4 h6 18.Nxf6+ Bxf6 19.Ra3 Rfc8 20.Nd2 Qc6 21.Rea1 Be7 22.g3 Rc7
23.h4 Bf8 24.Qf3 Qxf3 25.Nxf3 Rb8 26.Kf1 d5 27.R3a2 Bd6 28.Ke2 f6 29.h5 Kf7
30.Rd1 b5 31.axb5 axb5 32.Rda1 b4 33.Ra7 Rbb7 34.Rxb7 Rxb7 35.Ra2 e5 36.Nh4 Rc7
37.Ra6 Be7 38.Kd3 bxc3 39.bxc3 exd4 40.cxd4 Bb4 41.Nf5 Rc3+ 42.Ke2 Rc2+ 43.Kf3 Rc7
44.Kg4 Rd7 45.Rb6 Ba3 46.Rb3 Bc1 47.f4 Bd2 48.Nh4 Be1 49.Rb8 Bc3 50.Nf5 Ba1
51.Rb6 Bc3 52.Nd6+ Ke7 53.Nf5+ Kf7 54.Rc6 Bb2 55.Nd6+ Ke7 56.Nb5 Rb7 57.Rc5 Ke6
58.f5+ Ke7 59.Rxd5 Rb6 60.Kf3 Rc6 61.Ke4 Rc1 62.Rc5 Rg1 63.Rc2 Bc1 64.Kd5 Rf1
65.Rc7+ Kf8 66.Kd6 Bd2 67.Rc4 Kg8 68.Ke6 Re1+ 69.Kd7 Kh7 70.Nd6 Rd1 71.g4 Bf4
72.d5 Bh2 73.Kc6 Ra1 74.Nb7 Ra6+ 75.Kd7 Rb6 76.Kc8 Kg8 77.Rc6 Rb2 78.d6 Ra2
79.Kd7 Ra7 80.Rc8+  1-0

[Event "AUT-chT2S 9798"]
[Site "Austria"]
[Date "1997.12.06"]
[Round "5"]
[White "Detter, Peter"]
[Black "Schroecker, Hans Peter"]
[Result "1/2-1/2"]
[WhiteElo "2190"]
[BlackElo "2205"]

1.d4 Nf6 2.Bg5 e6 3.Nc3 h6 4.Bh4 d5 5.e4 Bb4 6.Bxf6 Qxf6 7.e5 Qd8 8.a3 Bxc3+
9.bxc3 c5 10.Nf3 Qa5 11.Qd2 Nc6 12.Bd3 cxd4 13.cxd4 Qxd2+ 14.Kxd2 Bd7 15.Rhb1 Na5
16.Bb5 Rc8 17.Kd3 Rc7 18.Nd2 b6 19.a4 Ke7 20.Bxd7 Kxd7 21.c3 Rhc8 22.Ra3 Rf8
23.f4 f6 24.Rf1 f5  1/2-1/2

[Event "AUT-chT2S 9798"]
[Site "Austria"]
[Date "1997.12.06"]
[Round "5"]
[White "Schieder, Andreas"]
[Black "Singer, Richard"]
[Result "0-1"]
[WhiteElo "2125"]
[BlackElo "2160"]

1.d4 Nf6 2.Bg5 e6 3.Nd2 Be7 4.e3 d6 5.Bd3 Nbd7 6.Nh3 e5 7.f4 exd4 8.exd4 O-O
9.O-O c5 10.Qe2 d5 11.Rae1 Bd6 12.Qf2 Qb6 13.b3 cxd4 14.Qh4 Bb4 15.Bxf6 Nxf6
16.Re5 Bxd2 17.Bxh7+ Nxh7 18.Rh5 Be3+ 19.Kh1 Bxh3 20.Rf3 Qg6 21.Qxh3 Rac8
22.f5 Rxc2 23.Rf1 Qxh5 24.Qxh5 Nf6 25.Qh4 Rfc8 26.g3 Rxa2  0-1

[Event "AUT-chT2S 9798"]
[Site "Austria"]
[Date "1997.12.07"]
[Round "6"]
[White "Halsegger, Herbert"]
[Black "Kratschmer, Heinz"]
[Result "1-0"]
[WhiteElo "2190"]
[BlackElo "2100"]

1.d4 Nf6 2.Bg5 e6 3.e4 c5 4.d5 h6 5.Bxf6 Qxf6 6.Nc3 d6 7.Nf3 Be7 8.e5 dxe5
9.d6 Bd8 10.d7+ Nxd7 11.Ne4 Qe7 12.Nd6+ Kf8 13.Bb5 e4 14.Nxc8 Rxc8 15.Bxd7 Ba5+
16.c3 Rd8 17.Ne5 Bc7 18.Qa4 Bxe5 19.Rd1 a6 20.Qxe4 Bxc3+ 21.bxc3 Rxd7 22.O-O f5
23.Qa4 Rd5 24.Rxd5 exd5 25.Qf4 g6 26.Qd2 Qd6 27.Rd1 b6 28.Qe2 b5 29.Qf3 Qe5
30.h3 Qe4 31.Qg3 f4 32.Qg4 Ke7 33.Kf1 Kf6 34.Re1 Qf5 35.Qe2 Rh7 36.Qe8 Rf7
37.Qh8+ Rg7 38.Qd8+ Kf7 39.Re7+ Kf6 40.Qd6+ Kg5 41.Re5 Rf7 42.Rxf5+ Rxf5
43.Qxa6 d4 44.Qxb5 f3 45.cxd4 cxd4 46.Qd3 fxg2+ 47.Kxg2 Rd5 48.a4 Kf6 49.Qd2 g5
50.a5 Ke5 51.a6 Rd7 52.Qa5+  1-0

[Event "Rishon Le Ziyyon 9798"]
[Site "Rishon Le Ziyyon"]
[Date "1997.12.25"]
[Round "1"]
[White "Soffer, Ram"]
[Black "Rapoport, Evgeny"]
[Result "0-1"]
[WhiteElo "2520"]
[BlackElo "2310"]

1.d4 Nf6 2.Bg5 e6 3.e4 h6 4.Bxf6 Qxf6 5.Nc3 Bb4 6.Qd2 d6 7.a3 Ba5 8.Nf3 Nd7
9.Be2 O-O 10.O-O c6 11.b4 Bc7 12.Rfe1 e5 13.d5 c5 14.Na4 g5 15.Qd3 Nb6 16.Nb2 Qg6
17.bxc5 dxc5 18.Qe3 f5 19.Bd3 f4 20.Qxc5 Bd6 21.Qa5 Qh5 22.Nd2 g4 23.Nbc4 Nxc4
24.Nxc4 b6 25.Qc3 g3 26.hxg3 fxg3 27.fxg3 Bc5+ 28.Ne3 Qg5 29.Qd2 Qxg3 30.Re2 Bg4
31.Qe1 Qf4 32.g3 Qg5 33.Kg2 Bf3+  0-1

[Event "Rishon Le Ziyyon 9798"]
[Site "Rishon Le Ziyyon"]
[Date "1997.12.28"]
[Round "4"]
[White "Kataev, Simcho"]
[Black "Kaminik, Aleksandar"]
[Result "1-0"]
[WhiteElo "2310"]
[BlackElo "2245"]

1.d4 Nf6 2.Bg5 e6 3.Nf3 d5 4.e3 Be7 5.Bd3 O-O 6.Nbd2 b6 7.Ne5 Bb7 8.Qf3 Nbd7
9.O-O Nxe5 10.dxe5 Nd7 11.Qh3 g6 12.Bf4 c5 13.c3 c4 14.Bc2 Nc5 15.Rad1 b5
16.Nf3 f5 17.exf6 Bxf6 18.Qg3 Rf7 19.h4 Qf8 20.Bd6 Be7 21.Bxe7 Qxe7 22.h5 Rg7
23.hxg6 hxg6 24.Rd4 Ne4 25.Bxe4 dxe4 26.Ng5 Rf8 27.Rfd1 Bc6 28.Qg4 Bd5 29.Nxe4 Qf7
30.f3 Qf5 31.Ng5 Qxg4 32.Rxg4 Re7 33.Rgd4 Rf5 34.Nh3 Bb7 35.e4 Rc5 36.Kf2 Kg7
37.Ke3 a5 38.a3 Kf6 39.Nf2 Rec7 40.Rd7 Bc8 41.Ng4+ Kg5 42.Rxc7 Rxc7 43.Rd8 Rc5
44.Kf2 e5 45.Nxe5 Kf6 46.Nd7+ Bxd7 47.Rxd7 b4 48.axb4 axb4 49.Ke3 bxc3 50.bxc3 g5
51.g3  1-0

[Event "Viking op"]
[Site "Aaland-Stockholm"]
[Date "1997.??.??"]
[Round "?"]
[White "Eksmyr, Johan"]
[Black "Ernst, Thomas"]
[Result "1/2-1/2"]
[WhiteElo "2165"]
[BlackElo "2410"]

1.d4 Nf6 2.Bg5 e6 3.e4 h6 4.Bxf6 Qxf6 5.Nc3 d6 6.Qd2 g5 7.g3 Bg7 8.O-O-O Nc6
9.Bb5 Bd7 10.e5 Qe7 11.f4 gxf4 12.gxf4 dxe5 13.fxe5 Qg5 14.Nf3 Qxd2+ 15.Rxd2 h5
16.h4 Ke7 17.Be2 Nb4 18.Ng5 Bc6 19.Rf1 Raf8 20.a3 Nd5 21.Nxd5+ Bxd5 22.c4 Bc6
23.d5 Bd7 24.d6+ cxd6 25.exd6+ Ke8 26.Bd3 f5 27.c5 Bf6 28.Re2 Bxg5+ 29.hxg5 Rhg8
30.Bc4 Rg6 31.Rfe1 Kf7 32.Re5 f4 33.Kd2 Kg7 34.Bxe6 Bxe6 35.Rxe6 Rxg5 36.Re7+ Kg8
37.R7e5 Rg7 38.Rxh5 f3 39.Rh2 Rg5 40.b4 b6 41.Reh1 bxc5 42.Rh8+ Kg7 43.R1h7+ Kg6
44.Rxf8 Kxh7 45.Rxf3 cxb4 46.d7 Rg8 47.axb4 Rd8 48.Rd3 Kg6 49.Kc3 Kf5 50.Kc4 Ke6
51.Kc5 Rxd7 52.Re3+ Kf6 53.Kc6 Rd4 54.b5 Ra4 55.Kd6 Kf5 56.Rf3+ Ke4 57.Rf7 Ra5
58.Kc6 Ke5 59.Rf8 Ke6 60.Re8+ Kf7 61.Ra8 Ke6 62.Re8+ Kf7 63.Re5 a6 64.Rc5 Rxb5
65.Rxb5 axb5 66.Kxb5  1/2-1/2

[Event "Alicante op"]
[Site "Alicante"]
[Date "1997.??.??"]
[Round "3"]
[White "Asensio Soto, Fermin"]
[Black "Sion Castro, Marcelino"]
[Result "0-1"]
[WhiteElo "2145"]
[BlackElo "2440"]

1.d4 Nf6 2.Bg5 e6 3.Nd2 h6 4.Bh4 c5 5.e3 cxd4 6.exd4 Be7 7.c3 O-O 8.Ngf3 b6
9.Bd3 Bb7 10.O-O d6 11.Re1 Nbd7 12.Bf1 Re8 13.Qb3 a6 14.a4 Qc7 15.Bd3 Bf8
16.Ne4 Nh5 17.Qd1 Nf4 18.Bf1 e5 19.Bg3 Nh5 20.dxe5 dxe5 21.Bh4 Nf4 22.Qc2 Nc5
23.Nfd2 Qc6 24.f3 Qg6 25.Bg3 Nh5 26.Bf2 Rad8 27.b4 Nf4 28.Nf6+ gxf6 29.Qxg6+ fxg6
30.bxc5 Rxd2  0-1

[Event "Ano Liosia op"]
[Site "Ano Liosia"]
[Date "1997.??.??"]
[Round "2"]
[White "Raptis, Georgios"]
[Black "Arakhamia, Ketevan"]
[Result "0-1"]
[WhiteElo "2165"]
[BlackElo "2490"]

1.d4 Nf6 2.Bg5 e6 3.e4 h6 4.Bxf6 Qxf6 5.g3 Nc6 6.c3 e5 7.d5 Bc5 8.Qf3 Ne7
9.Qxf6 gxf6 10.b4 Bb6 11.Nd2 f5 12.Bc4 d6 13.exf5 Bxf5 14.a4 a5 15.Ne2 Bh3
16.bxa5 Bxa5 17.Nb3 Bg2 18.Kd2 Bxh1 19.Rxh1 Bb6 20.f4 O-O 21.Ra1 Kg7 22.a5 Ba7
23.g4 f5 24.h3 Rab8 25.Re1 Ng6 26.gxf5 Nh4 27.Rf1 Nxf5 28.fxe5 Ne3 29.Rg1+ Kh8
30.Bd3 Nxd5 31.Rg6 Be3+ 32.Kc2 dxe5 33.Bc4 Rbd8 34.Re6 Bg5 35.Bxd5 Rxd5 36.c4 Rdd8
37.Rxe5 Rf2 38.Re4 Kh7 39.Kc3 Rf3+ 40.Kb4 Rxh3 41.Ned4 Re3 42.Rg4 Be7+ 43.c5 h5
44.Rf4 Kg6 45.Kb5 Bg5 46.Rf2 Bf6 47.Rg2+ Kh7 48.Rd2 h4 49.c6 bxc6+ 50.Kxc6 Rc3+
51.Kb7 c5 52.a6 cxd4 53.Na5 Rd7+  0-1

[Event "Asti op"]
[Site "Asti"]
[Date "1997.??.??"]
[Round "?"]
[White "Rossi, Carlo"]
[Black "Glek, Igor V"]
[Result "0-1"]
[WhiteElo "2320"]
[BlackElo "2620"]

1.d4 Nf6 2.Bg5 e6 3.Nd2 h6 4.Bh4 d6 5.c3 g5 6.Bg3 Nh5 7.e3 Nxg3 8.fxg3 c5
9.Bb5+ Bd7 10.Bxd7+ Nxd7 11.Nh3 d5 12.O-O Bg7 13.Kh1 O-O 14.g4 Qb6 15.Rb1 Rae8
16.Qc2 Nf6 17.Nf2 Nd7 18.Nh3 Qc6 19.Qd3 e5 20.dxc5 Nxc5 21.Qc2 d4 22.Rbc1 d3
23.Qb1 e4 24.Rf5 Nd7 25.Nf2 Nb6 26.Re1 Nc8 27.Ra5 b6 28.Ra3 f5 29.gxf5 Rxf5
30.Kg1 a5 31.Qd1 Nd6 32.Ra4 Kh8 33.Rf1 b5 34.Ra3 a4  0-1

[Event "NZD-ch"]
[Site "Auckland"]
[Date "1997.??.??"]
[Round "1"]
[White "Sutherland, John"]
[Black "Smith, Robert W"]
[Result "0-1"]
[WhiteElo "2085"]
[BlackElo "2300"]

1.d4 Nf6 2.Bg5 e6 3.e4 h6 4.Bxf6 Qxf6 5.Nf3 b6 6.Nbd2 Bb7 7.c3 g6 8.Bd3 Bg7
9.Qe2 O-O 10.h4 d6 11.O-O-O Nd7 12.g4 Qe7 13.Nf1 c5 14.Ng3 Rac8 15.Kb1 cxd4
16.cxd4 Rc7 17.h5 g5 18.Ka1 Rfc8 19.Qe3 Nb8 20.Ne2 Nc6 21.Nc3 Nb4 22.Bb1 Ba6
23.Rd2 Nc6 24.Rhd1 Na5 25.Bd3 Bxd3 26.Rxd3 a6 27.Qe2 b5 28.Nb1 Rc2 29.Qe1 Qc7
30.Rc3 Rxc3 31.Qxc3 Qxc3 32.Nxc3 b4 33.Ne2 Rc4 34.b3 Rc2 35.Rd2 Rxd2 36.Nxd2 Nc6
37.Nf3 f5 38.gxf5 exf5 39.exf5 g4 40.Nh2 Bxd4+ 41.Nxd4 Nxd4 42.f6 g3 43.fxg3 Nf5
44.Nf1 Kf7 45.g4 Nd4 46.Ne3 Kxf6 47.Nd5+ Kg5 48.Nxb4 a5 49.Nd5 Kxg4 50.Nf6+ Kf5
51.Ng8 Kg5 52.Kb2 Nb5 53.Kc2 Kxh5 54.Kd3 Kg5 55.Ke4 h5 56.Ne7 Nc3+ 57.Kd3 h4  0-1

[Event "NZD-ch"]
[Site "Auckland"]
[Date "1997.??.??"]
[Round "5"]
[White "Sutherland, John"]
[Black "Green, Peter"]
[Result "0-1"]
[WhiteElo "2085"]
[BlackElo "2265"]

1.d4 Nf6 2.Bg5 e6 3.e4 h6 4.Bxf6 Qxf6 5.Nc3 b6 6.e5 Qe7 7.Qd2 Bb7 8.f4 g6
9.O-O-O Bg7 10.Bd3 d6 11.Nf3 Bxf3 12.gxf3 d5 13.Rhg1 h5 14.Kb1 Bh6 15.Ne2 Nd7
16.c4 dxc4 17.Be4 Rd8 18.Qc3 b5 19.Qa5 b4 20.d5 Qc5 21.Qa4 Ke7 22.dxe6 Nb6
23.Qxa7 Kxe6 24.Qb7 c3 25.bxc3 bxc3 26.Bc2 Rd2 27.Rxd2 cxd2 28.Qe4 Nc4 29.Bb3 Rb8
30.Kc2 Rxb3 31.axb3 Nd6+ 32.Kb1 Nxe4 33.fxe4 Qe3 34.f5+ gxf5  0-1

[Event "NZD-ch"]
[Site "Auckland"]
[Date "1997.??.??"]
[Round "8"]
[White "Sutherland, John"]
[Black "Barlow, Matthew"]
[Result "0-1"]
[WhiteElo "2085"]
[BlackElo "2200"]

1.d4 Nf6 2.Bg5 e6 3.e4 h6 4.Bxf6 Qxf6 5.Nc3 d6 6.Qd2 g6 7.O-O-O Bg7 8.Nf3 O-O
9.e5 Qe7 10.Bd3 Nd7 11.Rhe1 a6 12.h4 b5 13.Qf4 Bb7 14.Ne4 Bxe4 15.Bxe4 d5
16.Bd3 c5 17.c3 Rfb8 18.Kb1 Nb6 19.Nd2 Nc4 20.Qg3 cxd4 21.cxd4 Qb4 22.Nb3 a5
23.Re2 a4 24.Nc5 Na3+ 25.Ka1 Qxd4 26.Qe3 Qxe3 27.fxe3 Nc4 28.Bxc4 bxc4 29.Nd7 Rb4
30.Nf6+ Bxf6 31.exf6 c3 32.bxc3 Rxh4 33.e4 dxe4 34.Rd4 Rf4 35.Rexe4 Rxf6
36.Rxa4 Rxa4 37.Rxa4 Rf1+ 38.Kb2 Rf2+ 39.Kb3 Rxg2 40.Rb4 h5 41.a4 Rd2 42.a5 Rd8
43.a6 Ra8 44.Ra4 h4 45.Kb4 g5 46.Ra5 f5  0-1

[Event "AUT-chT2O 9697"]
[Site "Austria"]
[Date "1997.??.??"]
[Round "?"]
[White "Weber, Gerold"]
[Black "Eisterer, Heinrich"]
[Result "1/2-1/2"]
[WhiteElo "2350"]
[BlackElo "2340"]

1.d4 Nf6 2.Bg5 e6 3.e4 h6 4.Bxf6 Qxf6 5.Nc3 d6 6.Nf3 Nd7 7.Qe2 e5 8.d5 a6
9.h3 h5 10.a4 g6 11.g3 Bh6 12.Bg2 Qe7 13.Qc4 Nf6 14.O-O g5 15.Nh2 g4 16.h4 Rg8
17.Rfe1 Kf8 18.Nf1 Ne8 19.Ne3 Rg6 20.a5 Ng7 21.Ncd1 Kg8 22.Qb3 f5 23.exf5 Rf6
24.Be4 Rb8 25.Re2 Bxe3 26.Nxe3 Nxf5 27.Nxf5 Bxf5 28.Bg2 Bd7 29.c4 Qf7 30.Rf1 b5
31.axb6 cxb6 32.Qe3 a5 33.Rd2 Bf5 34.Ra1 Qg6 35.Ra3 Qh6 36.Qe1 Rf7 37.Rb3 Rc7
38.Bf1 Qg6 39.Qe3 Rc5 40.Qe1 Kg7 41.Rd1 Be4 42.Re3 Bf3 43.Ra1 Qf6 44.b3 Rb7
45.Ra2 Rbc7 46.Qd2 Ra7 47.Re1 Qh6 48.Qd3 Rac7 49.Qb1 Ra7 50.Qa1 Rac7 51.Qb2 Ra7
52.Rea1 Rb7 53.b4 axb4 54.Qxb4 Qf6 55.Qb3 Be4 56.Re1 Qf3 57.Qxf3 Bxf3 58.Rb2 Rc8
59.Reb1 Rcb8 60.Bd3 e4 61.Bc2  1/2-1/2

[Event "SCO-ch"]
[Site "Aviemore"]
[Date "1997.??.??"]
[Round "2"]
[White "Grant, Alan"]
[Black "Robertson, Ian C"]
[Result "0-1"]
[WhiteElo "2205"]
[BlackElo "2210"]

1.d4 Nf6 2.Bg5 e6 3.e4 Be7 4.Nc3 a6 5.f4 b5 6.Bxf6 Bxf6 7.e5 Be7 8.Qg4 g6
9.Nf3 c5 10.dxc5 Bxc5 11.Ne4 Be7 12.O-O-O Bb7 13.Nd6+ Bxd6 14.Rxd6 Qa5 15.Kb1 Bd5
16.Rxd5 exd5 17.Be2 Nc6 18.Rd1 Ne7 19.Qg5 Qb6 20.Nd4 Rc8 21.g4 Nc6 22.Qf6 Rf8
23.Bf3 Qc5 24.Nb3 Qf2 25.Bxd5 Nb4 26.Be4 Rxc2 27.e6 fxe6 28.Qg7 Rc7 29.Qxh7 Qxf4
30.Qxg6+ Ke7 31.h4 Rc4 32.Bd3 Qxg4 33.Qxg4 Rxg4 34.h5 Nxd3 35.Rxd3 Rh4 36.Nc5 d6
37.Nxa6 Rxh5 38.Nc7 Rf2 39.Rd1 Rhh2 40.b3 Rb2+ 41.Ka1 Rxa2+ 42.Kb1 Rhb2+
43.Kc1 Ra1+ 44.Kxb2 Rxd1 45.Nxb5 Kd7 46.b4 e5 47.Kc2 Rh1 48.Nc3 Rh2+ 49.Kd3 Rh3+
50.Kc4 Rxc3+ 51.Kxc3 d5 52.b5 Kc7  0-1

[Event "SCO-ch"]
[Site "Aviemore"]
[Date "1997.??.??"]
[Round "7"]
[White "Grant, Alan"]
[Black "Buchanan, Walter F"]
[Result "1-0"]
[WhiteElo "2205"]
[BlackElo "2160"]

1.d4 Nf6 2.Bg5 e6 3.e4 h6 4.Bxf6 Qxf6 5.Nc3 Bb4 6.Ne2 Nc6 7.Qd3 e5 8.d5 Ne7
9.f3 O-O 10.a3 Ba5 11.b4 Bb6 12.Na4 d6 13.c4 Bd7 14.Nxb6 axb6 15.Nc3 Qh4+
16.g3 Qg5 17.Qd2 Qg6 18.Nb5 Rac8 19.Bd3 f5 20.O-O Kh8 21.Rf2 Ng8 22.a4 Nf6
23.exf5 Bxf5 24.Bxf5 Qxf5 25.Re1 Rf7 26.Qc2 Qh3 27.Nc3 Rcf8 28.Ne4 Qh5 29.Kg2 Nxe4
30.Qxe4 Rf6 31.h4 Qe8 32.Ra1 Qd7 33.a5 bxa5 34.Rxa5 b6 35.Ra7 Kg8 36.b5 Qe7
37.Raa2 Qd7 38.Qe3 Qf7 39.Ra7 Kh8 40.Ra3 Kg8 41.Qe4 Kh8 42.Re2 Qh5 43.Ree3 Qf7
44.Ra7 Qd7 45.Rea3 Qe7 46.Ra8 Kg8 47.R3a7 Rxa8 48.Rxa8+ Rf8 49.Ra7 Qf7 50.c5 dxc5
51.d6 Qd7 52.Qd5+ Qf7 53.Qe4 Qd7 54.Qc4+ Kh8 55.dxc7 Qd2+ 56.Kh3 Qd7+ 57.Qg4 Qd1
58.Qxg7+ Kxg7 59.c8=Q+ Rf7 60.Qg4+ Kf8 61.Rxf7+ Kxf7 62.Qf5+ Kg8 63.Qg6+ Kf8
64.Qxh6+ Kf7 65.Qxb6 Qxf3 66.Qc7+ Ke6 67.Qc8+ Kf7 68.Qd7+ Kf6 69.Qc6+ Qxc6
70.bxc6 Ke6 71.h5 c4 72.h6 c3 73.c7  1-0

[Event "Wch Seniors"]
[Site "Bad Wildbad"]
[Date "1997.??.??"]
[Round "4"]
[White "Kimmig, Karl"]
[Black "Meyts, Jozef Adolf"]
[Result "0-1"]
[WhiteElo "1276"]
[BlackElo "1540"]

1.d4 Nf6 2.Bg5 e6 3.e4 Be7 4.Bxf6 gxf6 5.g3 d5 6.f3 a6 7.a3 Nc6 8.c3 e5 9.Bh3 Bxh3
10.Nxh3 dxe4 11.d5 Na7 12.fxe4 Qd7 13.Nf2 h5 14.c4 Bc5 15.Nc3 f5 16.Qa4 c6
17.dxc6 bxc6 18.Rd1 Bd4 19.Qc2 fxe4 20.Ncxe4 Qe7 21.O-O f5 22.Nd2 Qg5 23.Nf3 Bxf2+
24.Qxf2 Qg7 25.Nxe5 O-O 26.Qf4 Rae8 27.Rd7 Qf6 28.Re1 Nc8 29.c5 Re7 30.h4 Rfe8
31.Rxe7 Rxe7 32.Qg5+ Qg7 33.Qxg7+ Kxg7 34.Kf2 Kf6 35.Nxc6 Re4 36.Rxe4 fxe4
37.Ke3 Kf5 38.Nd4+ Ke5 39.b4 Ne7 40.Nc2  0-1

[Event "Oberliga Bayern9697"]
[Site "Bayern"]
[Date "1997.??.??"]
[Round "?"]
[White "Zlochevskij, Alexander"]
[Black "Unzicker, Ferdinand"]
[Result "1-0"]
[WhiteElo "2415"]
[BlackElo "2310"]

1.d4 Nf6 2.Bg5 e6 3.e4 h6 4.Bxf6 Qxf6 5.Nc3 d6 6.Qd2 g5 7.g3 Bg7 8.O-O-O Nc6
9.Nb5 Qe7 10.c3 a6 11.Na3 b5 12.Nc2 Bb7 13.Bg2 O-O-O 14.Ne2 Kb8 15.Rhe1 h5
16.Kb1 h4 17.g4 Qf6 18.Rf1 h3 19.Bh1 Ne7 20.Ng3 Qh6 21.Nh5 Ng6 22.Nxg7 Qxg7
23.Qxg5 f6 24.Qe3 e5 25.Nb4 Nf4 26.Rg1 Rh4 27.Bf3 Qg5 28.d5 Ng6 29.Qd3 Qf4
30.Rg3 Ne7 31.Qe2 Rh7 32.c4 c5 33.dxc6 Nxc6 34.Nxc6+ Bxc6 35.cxb5 Bxb5 36.Qd2 Bc6
37.Qxf4 exf4 38.Rgg1 Re7 39.Rd4 Rde8 40.Rxd6 Bxe4+ 41.Bxe4 Rxe4 42.Rxa6 Re2
43.Rf1 Re1+ 44.Rxe1 Rxe1+ 45.Kc2 Re2+ 46.Kc3 Rxf2 47.Rxf6 Rxh2 48.Rxf4 Rg2
49.a3 Kc7 50.Rf7+ Kd6 51.Rh7 Rg3+ 52.Kc4 Rxg4+ 53.Kb5 Rg3 54.Ka4 Kc6 55.b4 Kb6
56.Rh6+ Kb7 57.b5 Kc7 58.Kb4 Kb7 59.a4 Kc7 60.Ka5 Ra3 61.Rh4 Kb7 62.Kb4 Rg3
63.Rh7+ Kc8  1-0

[Event "Regionalliga SW9697"]
[Site "Bayern"]
[Date "1997.??.??"]
[Round "?"]
[White "Schuster, Karsten"]
[Black "Kuehn, Manfred"]
[Result "0-1"]
[WhiteElo "2145"]
[BlackElo "2160"]

1.d4 Nf6 2.Bg5 e6 3.e4 Be7 4.Bd3 d5 5.e5 Nfd7 6.Bxe7 Qxe7 7.c3 c5 8.a3 Nc6
9.Ne2 O-O 10.O-O f6 11.f4 fxe5 12.dxe5 Nb6 13.Nd2 Bd7 14.Rf3 g6 15.Nf1 Rad8
16.Qe1 Be8 17.Rd1 Na5 18.Qg3 Nac4 19.Rb1 Na4 20.b3 Nxa3 21.bxa4 c4 22.Ra1 cxd3
23.Rxd3 Nc4 24.Ra2 b5 25.Nd4 bxa4 26.Qg4 Bd7 27.h4 Rb8 28.Rf3 Kh8 29.h5 gxh5
30.Qxh5 a3 31.f5 Nxe5 32.Re3 Nc4 33.fxe6 Be8 34.Qh3 Nxe3 35.Qxe3 Rb1 36.Rf2 Rxf2
37.Qxf2 Bg6 38.Kh2 a2 39.Qxa2 Rxf1  0-1

[Event "BEL-chT9697"]
[Site "BEL"]
[Date "1997.??.??"]
[Round "6"]
[White "Groffen, Hans"]
[Black "Van Heirzeele, Daniel"]
[Result "1-0"]
[WhiteElo "2145"]
[BlackElo "2215"]

1.d4 Nf6 2.Bg5 e6 3.e4 h6 4.Bxf6 Qxf6 5.Nc3 d6 6.Qd2 g5 7.O-O-O Nd7 8.g3 g4
9.Nb5 Kd8 10.h3 h5 11.hxg4 hxg4 12.Rxh8 Qxh8 13.Kb1 a6 14.Nc3 Bh6 15.f4 b6
16.Bg2 Bb7 17.Nge2 Ke7 18.Rh1 Qg7 19.Nd1 f5 20.Nec3 Rf8 21.exf5 Bxg2 22.Qxg2 Rxf5
23.Ne3 Rf8 24.Qe4 Kd8 25.Re1 d5 26.Qxe6 Re8 27.Qxe8+  1-0

[Event "Bled op18th"]
[Site "Bled"]
[Date "1997.??.??"]
[Round "8"]
[White "Drazic, Sinisa"]
[Black "Stohl, Igor"]
[Result "0-1"]
[WhiteElo "2430"]
[BlackElo "2580"]

1.d4 Nf6 2.Bg5 e6 3.e4 h6 4.Bxf6 Qxf6 5.Nf3 d6 6.c3 Nd7 7.Nbd2 g6 8.g3 Bg7
9.Bg2 O-O 10.O-O Qe7 11.Re1 b6 12.a4 a6 13.Qb3 Rb8 14.Nc4 Bb7 15.Rad1 Rfe8
16.Bh3 d5 17.Ncd2 dxe4 18.Nxe4 c5 19.Bf1 cxd4 20.cxd4 Red8 21.Bc4 b5 22.axb5 axb5
23.Bf1 Bd5 24.Qe3 b4 25.h4 Rbc8 26.Bd3 Nb8 27.Ne5 Nc6 28.Nxc6 Bxc6 29.Ba6 Rc7
30.Nc5 Qd6 31.Qb3 Bd5 32.Qd3 Ba8 33.Kh2 Qc6 34.Qf1 Rxd4 35.Rc1 Qd6 36.Bb7 Bxb7
37.Nxb7 Rxb7 38.Rc8+ Kh7 39.Kg1 Rb8 40.Rxb8 Qxb8 41.h5 gxh5 42.Qe2 Rd5 43.Qe4+ Kg8  0-1

[Event "Clarin GP1 Boca Juniors"]
[Site "Boca"]
[Date "1997.??.??"]
[Round "3"]
[White "Cativelli, Gerardo"]
[Black "Ginzburg, Maximiliano"]
[Result "0-1"]
[WhiteElo "2265"]
[BlackElo "2450"]

1.d4 Nf6 2.Bg5 e6 3.c3 h6 4.Bh4 g5 5.Bg3 Bg7 6.Nd2 d6 7.e3 Nc6 8.Ngf3 Nh5
9.Be2 Nxg3 10.hxg3 Bd7 11.a4 g4 12.Ng1 h5 13.Bd3 e5 14.Ne2 f5 15.a5 a6 16.Qb3 Rb8
17.Qc2 Qg5 18.dxe5 dxe5 19.Bc4 h4 20.gxh4 Rxh4 21.Rxh4 Qxh4 22.g3 Qh1+ 23.Nf1 Rd8
24.Qb3 Bc8 25.Be6 Bxe6 26.Qxe6+ Ne7 27.Qc4 Rd7 28.Qb3 Rd5 29.Qa4+ Nc6 30.Qc4 Kd7
31.e4 Qxe4 32.Qxe4 fxe4 33.b4 Bh6 34.Rd1 Rxd1+ 35.Kxd1 Ke6 36.Nc1 Nb8 37.Nb3 Nd7
38.c4 Bf8 39.c5 Nf6 40.Ne3 Nd5 41.Nc2 c6 42.Nd2 Nc3+ 43.Ke1 Bh6 44.Nc4 Nd5
45.Ke2  0-1